| 000 | 00516nam a2200157 4500 | ||
|---|---|---|---|
| 001 | 132652 | ||
| 003 | ES-MaACL | ||
| 007 | t| | ||
| 008 | 070214s1946 sp r ||||1| spa d | ||
| 100 | 1 |
_aRoosevelt, Elliott. _999529 |
|
| 245 | 1 | 0 |
_aAsí lo quería mi padre _b: en la guerra y en la paz / _cElliott Roosevelt ; traducción de Mariano de Alarcón. |
| 260 |
_aMadrid : _bM. Aguilar, _c1946. |
||
| 300 |
_a344 p., 1 lám. ; _c20 cm. |
||
| 700 | 1 |
_aAlarcón, Mariano de. _919133 |
|
| 852 |
_aES-MaACL _jE-2199 _bR.23166 |
||
| 999 |
_c132652 _d132652 |
||